فهـرس مكتبـة معهد التخطيـط Institute of National Planning Catalog

Decision support and idea processing systems / (Record no. 13093)

MARC details
000 -LEADER
fixed length control field 00729nam a2200253 a 4500
003 - CONTROL NUMBER IDENTIFIER
control field INP
005 - DATE AND TIME OF LATEST TRANSACTION
control field 20260622100059.0
008 - FIXED-LENGTH DATA ELEMENTS--GENERAL INFORMATION
fixed length control field 900131s1989 iaua b 001 0 eng
020 ## - INTERNATIONAL STANDARD BOOK NUMBER
International Standard Book Number 0697007421
040 ## - CATALOGING SOURCE
Original cataloging agency EG-INP
Language of cataloging eng
Transcribing agency EG-INP
082 04 - DEWEY DECIMAL CLASSIFICATION NUMBER
Classification number 658.403
Edition number 21
Item number l d
100 1# - MAIN ENTRY--PERSONAL NAME
Personal name Young, Lawrence F.
245 10 - TITLE STATEMENT
Title Decision support and idea processing systems /
Statement of responsibility, etc. Lawrence F. Young.
260 ## - PUBLICATION, DISTRIBUTION, ETC.
Place of publication, distribution, etc. Dubuque, Iowa :
Name of publisher, distributor, etc. W.C. Brown,
Date of publication, distribution, etc. 1989.
300 ## - PHYSICAL DESCRIPTION
Extent 407 p. :
Other physical details ill. ;
Dimensions 24 cm.
504 ## - BIBLIOGRAPHY, ETC. NOTE
Bibliography, etc. note Includes bibliographical references.
650 #0 - SUBJECT ADDED ENTRY--TOPICAL TERM
Topical term or geographic name entry element Decision support systems.
9 (RLIN) 731
653 #0 - INDEX TERM--UNCONTROLLED
Uncontrolled term processing systems.
653 #0 - INDEX TERM--UNCONTROLLED
Uncontrolled term idea processing.
901 ## - Cataloger Code
a EGPV3
902 ## - Reviwer Code
a EGPV10
903 ## - original or copycat
a copycat
942 ## - ADDED ENTRY ELEMENTS (KOHA)
Source of classification or shelving scheme Dewey Decimal Classification
Koha item type Book
Holdings
Withdrawn status Lost status Source of classification or shelving scheme Damaged status Not for loan Collection code Home library Current library Shelving location Date acquired Total Checkouts Full call number Barcode Date last seen Price effective from Koha item type
    Dewey Decimal Classification     EN Book Library INP Library INP Store 28/08/2018   658.403 l d 014981 28/03/2022 28/08/2018 Book

Who we are

Institute of National Planning (INP) was established by Law No. 231 of 1960 as a think-tank public institution with an independent legal personality to enhance the theory and practice of planning in Egypt through: research, training and educational activities. Also, INP aims at providing technical support to Ministry of Planning, as well as to all national ministers and institutions, through spreading a culture of planning in Egyptian society.

Contact Us

  • Salah Salem intersection with Al arashan Nasr City
  • 0222621151 - 0222634747
  • inplanning@idsc.net.eg
  • 0222629225 - 0222627840